Hard Tennis Quiz - Statistics

General Stats
  • This quiz has been taken 861 times
  • The average score is 6 of 15
Answer Stats
Hint Answer % Correct
What is Roger Federer's current ranking? 7
86%
How many ranking points does the winner of Queens recieve? 250
71%
How many singles majors has Serena Williams won? 16
69%
What surface was the US Open originally played on? Grass
69%
Who is Italy's number one male tennis play? Fabio Fognini
65%
Who is the number 3 ranked french male player? Gilles Simon
44%
What city hosted the ATP tour world finals before London? Shanghai
41%
Sara Errani won the 2013 Australian Open womens doubles, who was her partner? Roberta Vinci
36%
Which female tennis player defeated Serena Williams at Wimbledon 2013? Sabine Lisicki
30%
Who did Andy Murray beat in the 2012 olympics first round? Stanislas Wawrinka
26%
Which male tennis player lost in the final of the 2013 Cincinnati Masters? John Isner
25%
Which British tennis player won the 2012 Wimbledon mens doubles? Jonny Marray
19%
Which player beat Juan Martin Del Potro in the 2013 US Open? Lleyton Hewitt
10%
How many points were played in the final of Wimbledon 2013? 210
3%
Which male tennis player won the 2013 junior Wimbledon competition? Gianluigi Quinzi
3%
No matching quizzes found
Score Distribution
Percent of People with Each Score
Percentile by Number Answered
Your Score History
You have not taken this quiz